000 00490nam a2200181Ia 4500
008 240925s9999 xx 000 0 und d
020 _a8178083736
082 _a621.380413 SKL
100 _aSklar, Bernard
245 0 _aDigital Communications: fundamentals and applications
250 _a2nd
260 _aSingapore:
_bPearson education
_c,2001.
300 _a701p.
_bNA
_fPirated
500 _aIncludes Index
600 _aEngineering Technology
650 _aTechnology
942 _cBK
999 _c8752
_d8752